Narrative fiction : (Record no. 26887)
[ view plain ]
| 000 -LEADER | |
|---|---|
| fixed length control field | 01691cam a22003495a 4500 |
| 001 - CONTROL NUMBER | |
| control field | 12768520 |
| 003 - CONTROL NUMBER IDENTIFIER | |
| control field | EG-ScBUE |
| 005 - DATE AND TIME OF LATEST TRANSACTION | |
| control field | 20200206132704.0 |
| 008 - FIXED-LENGTH DATA ELEMENTS--GENERAL INFORMATION | |
| fixed length control field | 020508s2002 enka f b 001 0 eng d |
| 020 ## - INTERNATIONAL STANDARD BOOK NUMBER | |
| International Standard Book Number | 0415280222 (pbk.) |
| 020 ## - INTERNATIONAL STANDARD BOOK NUMBER | |
| International Standard Book Number | 9780415280228 (pbk.) |
| 040 ## - CATALOGING SOURCE | |
| Original cataloging agency | DLC |
| Language of cataloging | eng |
| Description conventions | rda |
| Transcribing agency | DLC |
| Modifying agency | DLC |
| -- | EG-ScBUE |
| 082 04 - DEWEY DECIMAL CLASSIFICATION NUMBER | |
| Classification number | 808.3 |
| Item number | RIM |
| Edition number | 22 |
| 100 1# - MAIN ENTRY--PERSONAL NAME | |
| Personal name | Rimmon-Kenan, Shlomith, |
| Relator term | author. |
| 245 10 - TITLE STATEMENT | |
| Title | Narrative fiction : |
| Remainder of title | contemporary poetics / |
| Statement of responsibility, etc | Shlomith Rimmon-Kenan. |
| 250 ## - EDITION STATEMENT | |
| Edition statement | Second edition. |
| 264 #1 - PUBLICATION, DISTRIBUTION, ETC. (IMPRINT) | |
| Place of publication, distribution, etc | Milton Park, Abingdon, Oxon ; |
| -- | New York : |
| Name of publisher, distributor, etc | Routledge, Taylor and Francis Group, |
| Date of publication, distribution, etc | 2002. |
| 300 ## - PHYSICAL DESCRIPTION | |
| Extent | x, 192 pages ; |
| Dimensions | 23 cm. |
| 336 ## - CONTENT TYPE | |
| Source | rdacontent |
| Content type term | text |
| Content type code | txt |
| 337 ## - MEDIA TYPE | |
| Source | rdamedia |
| Media type term | unmediated |
| Media type code | n |
| 338 ## - CARRIER TYPE | |
| Source | rdacarrier |
| Carrier type term | volume |
| Carrier type code | nc |
| 490 0# - SERIES STATEMENT | |
| Series statement | New accents |
| 504 ## - BIBLIOGRAPHY, ETC. NOTE | |
| Bibliography, etc | Includes bibliographical references and index. |
| 505 0# - FORMATTED CONTENTS NOTE | |
| Formatted contents note | Introduction -- Story: events -- Story: characters --Text: time -- Text: characterization -- Text: focalization -- Narration: levels and voices -- Narration: speech representation -- The text and its reading -- Conclusion -- Towards ... : afterthoughts, almost twenty years later. |
| 520 ## - SUMMARY, ETC. | |
| Summary, etc | Shlomith Rimmon-Kenan addresses key approaches to narrative fiction, from New Criticism to Phenomenology, but also offers views on and modifications to these theories. |
| 650 #7 - SUBJECT ADDED ENTRY--TOPICAL TERM | |
| Topical term or geographic name as entry element | Narration (Rhetoric) |
| Source of heading or term | BUEsh |
| 9 (RLIN) | 33957 |
| 653 ## - INDEX TERM--UNCONTROLLED | |
| Resource For college | Humanities: English |
| Arrived date list | October2018 |
| 655 ## - INDEX TERM--GENRE/FORM | |
| Form subdivision | Reading book |
| 856 42 - ELECTRONIC LOCATION AND ACCESS | |
| Materials specified | Publisher description |
| Uniform Resource Identifier | <a href="http://www.loc.gov/catdir/enhancements/fy0650/2002069784-d.html">http://www.loc.gov/catdir/enhancements/fy0650/2002069784-d.html</a> |
| 856 42 - ELECTRONIC LOCATION AND ACCESS | |
| Materials specified | Contributor biographical information |
| Uniform Resource Identifier | <a href="http://www.loc.gov/catdir/enhancements/fy1406/2002069784-b.html">http://www.loc.gov/catdir/enhancements/fy1406/2002069784-b.html</a> |
| 942 ## - ADDED ENTRY ELEMENTS (KOHA) | |
| Source of classification or shelving scheme | Dewey Decimal Classification |
| Koha item type | Book - Borrowing |
| Withdrawn status | Lost status | Source of classification or shelving scheme | Damaged status | Not for loan | Collection code | Home library | Current library | Shelving location | Date acquired | Source of acquisition | Cost, normal purchase price | Total Checkouts | Full call number | Barcode | Date last seen | Koha item type | Price effective from | Total Renewals | Date checked out |
|---|---|---|---|---|---|---|---|---|---|---|---|---|---|---|---|---|---|---|---|
| Dewey Decimal Classification | Baccah | Central Library | Central Library | Second Floor | 28/10/2018 | Purchase | 450.00 | 808.3 RIM | 000043629 | 15/07/2025 | NB - Book (Non borrowing) | ||||||||
| Dewey Decimal Classification | Baccah | Central Library | Central Library | Second Floor | 28/10/2018 | Purchase | 808.3 RIM | 000043630 | 15/07/2025 | Book - Borrowing | 28/10/2018 | ||||||||
| Dewey Decimal Classification | Baccah | Central Library | Central Library | Second Floor | 28/10/2018 | Purchase | 1 | 808.3 RIM | 000043631 | 15/07/2025 | Book - Borrowing | 28/10/2018 | 20 | 28/10/2018 |